1001 1013 1454 1047 1870 1699 1494 1317 1982 1205 1628 1253 1639 1908 1598 1330 1709 1793 1423 1625 1849 1309 1410 1249 1679 1798 1007 1246 1287 1384 1987 1484 1057 1859 1117 1773 1807 1308 1709 1608 1011 1694 1455 1665 1094 1626 1763 1776 1386 1300 1117 1469 1155 1140 1333 1252 1153 1363 1887 1351 1077 1061 1087 1661 1471 1977 1034 1513 1221 1055 1402 1899 1253 1164 1290 1121 1492 1209 1019 1052 1832 1079 1474 1056 1245 1249 1418 1203 1410 1812 1882 1068 1115 1953 1147 1625 1033 1845 1296 BCNSPRNW ULIB Ver.6.0+V

เปลี่ยนเป็นภาษาไทย

Change to English
 แสดงรายละเอียดบรรณานุกรม
  กลับหน้าหลัก

Brief Record : Get Marc (ISO 2709) : E-mail record : QR code < ปิดหน้าต่าง
LEADER : 00000nam 2200000uu 4500
001    13399113486
003     ULIB
008    111121s2552||||th 000 0 tha d
020    ^a9789744752246
090    ^aนว.^bด111ง 2552
100 0  ^aคริสติน่า ดอดด์
245 00 ^aเงาใจใต้เงาจันทร์/^cคริสติน่า ดอดด์
250    ^aพิมพ์ครั้งที่ 1
260    ^aกรุงเทพฯ :^bแพรวสำนักพิมพ์,^c2552
300    ^a326 หน้า
710 1  ^aแพรวสำนักพิมพ์
945    ^p225^l0^i15820
995    ^aกัณชพร
999    ^aใช้งานได้ทุกระบบ
รายการนี้ยังไม่มีแท็ก
คุณยังไม่ได้ล็อกอิน คุณสามารถมีกิจกรรมร่วมกับเว็บไซต์ได้ แต่ต้องล็อกอินก่อน ::
  ล็อกอิน

รายการสื่อสารสนเทศ

ลำดับที่ ประเภท เลขเรียก/บาร์โค้ด สถานที่ สถานะ
1. นวนิยาย
นวนิยาย
นว. ด111ง 2552  
  Barcode: 15820
ห้องสมุดวิทยาเขตสวรรค์ประชารักษ์
►นวนิยาย
บนชั้น
  ขอยืม

BibComment


ยังไม่เคยถูกคอมเมนท์

คอมเมนท์ทรัพยากรรายการนี้
  คอมเมนท์: เงาใจใต้เงาจันทร..


 Copyright 2026. Bcnsprnw @Library